000 00967nam a2200301Ia 4500
000 nam a22 i 4500
001 UNACH-8971
007 ta
008 221212s ||||fr|||| 00| | spa d
020 _a978-6-12-304039-0
041 0 _aspa
082 0 4 _a630.92
_bTécnico en Agricultura
100 1 _aCarbonel Valdivia, Juan,
_eautor
245 1 0 _aProyectos agroindustriales y agronegocios.
264 3 1 _a[Lima] :
_aPerú :
_bEditorial MACRO,
_c2011
300 _a213 páginas :
_bilustraciones
336 _atexto
_btxt
_2rdacontent
337 _ano mediado
_bn
_2rdamedia
338 _avolumen
_bnc
_2rdacarrier
504 _aIncluye bibliografía.
505 0 _aLos proyectos agro industriales y los agro negocios.-- Identificación de propuestas de agro negocios.
650 1 4 _aMERCADO AGRO INDUSTRIAL
650 2 4 _aDISEÑO DE PRODUCTO
650 2 4 _aPROYECTO AGRO INDUSTRIAL
653 0 _aTécnico en Agricultura
942 _2ddc
_c1
_n0
999 _c7249
_d7249